Statistics for Translate these countries from Irish into English

Click here to take the quiz!

General Stats

  • This quiz has been taken 205 times
  • The average score is 7 of 20

Answer Stats

IrishEnglish% Correct
an FhionlainnFinland
81%
an PhortaingéilPortugal
79%
an Cósta EabhairCote d'Ivoire
49%
an ÍoslainnIceland
49%
an tSeapáinJapan
49%
an GhréigGreece
48%
an IodáilItaly
46%
an ChróitCroatia
36%
an Ríocht AontaitheUnited Kingdom
33%
an tSeoirsiaGeorgia
28%
an AetóipEthiopia
27%
an Chóiré TheasSouth Korea
22%
an EilvéisSwitzerland
22%
an GhuáinGuyana
21%
an MháratáinMauritania
21%
an ChéiniaKenya
20%
an CholóimColombia
19%
an ÍsiltírNetherlands
17%
Oileán MhuirísMauritius
15%
an IoruaNorway
15%

Score Distribution

Percentile by Number Answered

Percent of People with Each Score

Your Score History

You have not taken this quiz